000 01600cam a22004934i 4500
003 PE-LiUPU
005 20250731165504.0
008 150623s r 000 0 d
020 _a0687055318
035 _a(Sirsi) i9780687055319
040 _aPE-LiUPU
_bspa
_cPE-LiUPU
_erda
049 _aPRUA
082 0 4 _a220.603d
_bD31
_221
100 1 _aJohn H. Hayes, ed.,
_eautor.
245 1 0 _aDictionary of biblical interpretation :
_bk-z.
_n2 /
_cJohn H. Hayes, editor general.
264 1 _aNashville, TN :
_bAbingdon Press,
_c1999.
300 _a653 páginas ;
_c26 centímetros
336 _atext
_2rdacontent
337 _aunmediated
_2rdamedia
338 _avolume
_2rdacarrier
505 0 _aDictionary of biblical interpretation : k-z.
526 _aSEG44
526 _aSEG26
526 _aP151
526 _aP150
526 _aP149
526 _aP146
526 _aP145
526 _aP126
526 _aP125
526 _aP92
526 _aP75
526 _aP74
526 _aP27
526 _aP15
630 _aBiblia
_xCrítica, interpretación, etc.
_xHistoria
_vDiccionarios.
650 0 4 _aHermenéutica bíblica
_vDiccionarios.
942 _2ddc
_cBOOK
949 _aRC 220.603D D31 2
_wDEWEY
_c1
_i46650
_lCCODEBUL1
_mBUL
_r0
_sY
_tBOOK
_u2015-6-24
_xTEOLOGIA
_PP35
_0COMPRA
_o.STAFF. Colección General
994 _aC0
_bPEPRU
596 _a1
999 _aRC 220.603D D31 2
_wDEWEY
_c23436
_i46650
_f2021-11-8
_g6
_lCCODEBUL1
_mBUL
_r1
_sY
_tBOOK
_u2015-6-24
_xTEOLOGIA
_PP35
_0COMPRA
_o.STAFF. Colección General
_d23436
980 _81
_gALBERTO SANCHEZ Responsable de Automatización